<?xml version="1.0" encoding="UTF-8"?>
<record
    xmlns:xsi="http://www.w3.org/2001/XMLSchema-instance"
    xsi:schemaLocation="http://www.loc.gov/MARC21/slim http://www.loc.gov/standards/marcxml/schema/MARC21slim.xsd"
    xmlns="http://www.loc.gov/MARC21/slim">

  <leader>01206nab a2200313 uc4500</leader>
  <controlfield tag="001">574975</controlfield>
  <controlfield tag="005">20240525090835.0</controlfield>
  <controlfield tag="008">991209e19990301                    spa  </controlfield>
  <datafield tag="035" ind1=" " ind2=" ">
    <subfield code="a">574975</subfield>
  </datafield>
  <datafield tag="035" ind1=" " ind2=" ">
    <subfield code="a">(OCoLC)819821914</subfield>
  </datafield>
  <datafield tag="040" ind1=" " ind2=" ">
    <subfield code="c">comduadb</subfield>
  </datafield>
  <datafield tag="041" ind1=" " ind2=" ">
    <subfield code="a">spa</subfield>
  </datafield>
  <datafield tag="100" ind1="1" ind2="0">
    <subfield code="a">Aranzazu Hernandez, Pablo Julian</subfield>
    <subfield code="4">aut</subfield>
    <subfield code="e">aut</subfield>
    <subfield code="9">298480</subfield>
  </datafield>
  <datafield tag="245" ind1="1" ind2="0">
    <subfield code="a">Efecto de Beauveria bassiana, Metarhiziumanisopliae, Paecilomyces lilacinus y Trichoderma koningii sobre estados biologicos de eisenia foetida</subfield>
  </datafield>
  <datafield tag="650" ind1=" " ind2=" ">
    <subfield code="a">Subproductos</subfield>
    <subfield code="9">16981</subfield>
  </datafield>
  <datafield tag="650" ind1=" " ind2="7">
    <subfield code="a">Caf&#xE9;</subfield>
    <subfield code="2">lemb</subfield>
    <subfield code="9">2812</subfield>
  </datafield>
  <datafield tag="650" ind1=" " ind2=" ">
    <subfield code="a">Hongo : Beauveria bassiana</subfield>
    <subfield code="9">69645</subfield>
  </datafield>
  <datafield tag="650" ind1=" " ind2=" ">
    <subfield code="a">Hongo : Metarhizium anisopliae</subfield>
    <subfield code="9">208713</subfield>
  </datafield>
  <datafield tag="650" ind1=" " ind2=" ">
    <subfield code="a">Paecilomyces lilacinus</subfield>
    <subfield code="9">31861</subfield>
  </datafield>
  <datafield tag="650" ind1=" " ind2=" ">
    <subfield code="a">Trichoderma koningii</subfield>
    <subfield code="9">39226</subfield>
  </datafield>
  <datafield tag="650" ind1=" " ind2="7">
    <subfield code="a">Lombrices de tierra</subfield>
    <subfield code="2">lemb</subfield>
    <subfield code="9">22776</subfield>
  </datafield>
  <datafield tag="650" ind1=" " ind2=" ">
    <subfield code="a">Lombriz roja californiana : Eisenia foetida</subfield>
    <subfield code="9">39225</subfield>
  </datafield>
  <datafield tag="650" ind1=" " ind2="7">
    <subfield code="a">Hongos</subfield>
    <subfield code="2">dcs</subfield>
    <subfield code="9">28228</subfield>
  </datafield>
  <datafield tag="650" ind1=" " ind2="7">
    <subfield code="a">Control biol&#xF3;gico</subfield>
    <subfield code="2">lemb</subfield>
    <subfield code="9">39078</subfield>
  </datafield>
  <datafield tag="700" ind1="1" ind2="0">
    <subfield code="a">Leguizamon Caycedo, Jairo Eduardo</subfield>
    <subfield code="4">aut</subfield>
    <subfield code="e">aut</subfield>
    <subfield code="9">318380</subfield>
  </datafield>
  <datafield tag="700" ind1="1" ind2="0">
    <subfield code="a">Davila Arias, Maria Teresa</subfield>
    <subfield code="4">aut</subfield>
    <subfield code="e">aut</subfield>
    <subfield code="9">298473</subfield>
  </datafield>
  <datafield tag="773" ind1="0" ind2=" ">
    <subfield code="t">Cenicaf&#xE9; (Chinchina)</subfield>
    <subfield code="g">Vol. 50, No. 01, Ene-Mar. 1999, p. 39-48</subfield>
    <subfield code="w">119293</subfield>
    <subfield code="x">0120-0275</subfield>
    <subfield code="0">66590</subfield>
  </datafield>
  <datafield tag="942" ind1=" " ind2=" ">
    <subfield code="c">ARIMP</subfield>
  </datafield>
  <datafield tag="999" ind1=" " ind2=" ">
    <subfield code="c">139887</subfield>
    <subfield code="d">139887</subfield>
  </datafield>
</record>
